000 00879nam0a22002771 4500
001 rc\3913379
005 20250611021047.0
021 _aRU
_b[52-43844]
035 _a(NLR Aleph) 008020794
090 _a8759462
_c8759462
100 _a20130415d1952 |||y0rusy50 ca
101 0 _arus
102 _aRU
105 _aa z |||a|
200 1 _aГород у моря
_eПовесть
_f[Ил.: Б. Лебедев
210 _aПенза]
_cПенз. обл. изд-во
_d1952
215 _a416 с.
_cил.
_d20
606 _aКомсомольцы (х. л.)
_2psbo
606 _aРабочая молодежь в СССР (х. л.)
_2psbo
700 1 _aБеляев
_bВ.П.
_f1909-
_gВладимир Павлович
702 1 _aЛебедев
_bБ.
_4440
801 0 _aRU
_bNLR
_gpsbo
801 1 _aRU
_bELAR
_2rusmarc
852 _aNLR
_jЛ30 Г-3/3076
942 _cBOOK
980 _aNB